Riadenie vybraného odborného učilišťa = Managing of the college : Diplomová práca

Enregistré dans:
Détails bibliographiques
Auteur principal: Parajková, Mária (Auteur)
Autres auteurs: Odlerová, Eva, 1954- (xxx)
Format: Manuscrit Livre
Langue:slovaque
Publié: Trnava : STU v Bratislave MTF UIPH, 2009
Sujets:
Tags: Ajouter un tag
Pas de tags, Soyez le premier à ajouter un tag!

MARC

LEADER 00000ntm a22000003a 4500
001 stu198704
005 20160719160146.5
008 100122s2009----xo------------------slo-d
040 |a STU  |b slo 
041 0 |a slo 
044 |a xo 
100 1 |a Parajková, Mária  |4 aut 
245 1 |a Riadenie vybraného odborného učilišťa = Managing of the college :  |b Diplomová práca 
260 |a Trnava :  |b STU v Bratislave MTF UIPH,  |c 2009 
300 |a 72 s  |c príl (1 CD-ROM) 
500 |a Študijný program: učiteľstvo technických profesijných predmetov 
500 |a Študijný odbor: 1.1.2 učiteľstvo profesijných predmetov a praktickej prípravy 
650 7 |a riadenie školy  |2 stusub 
700 1 |a Odlerová, Eva,  |d 1954-  |4 xxx  |u M4000  |U MTF Materiálovotechnologická fakulta  |T MTF Ústav priemyselného inžinierstva a manažmentu  |X 4165  |U M4000  |Y 84  |7 A000004165 
996 |b 284M077641  |c M*DP-8678  |l MMSKP  |s P  |a 0  |w stu198704_0001